[Event "FRM-chT 31st"]
[Site "Ohrid"]
[Date "2023.08.30"]
[Round "5.5"]
[White "Zlatkov, Anton"]
[Black "Sadiki, Nedzmedin"]
[Result "1/2-1/2"]
[WhiteElo "2207"]
[BlackElo "2171"]
[PlyCount "83"]
[EventDate "2023.08.26"]
[EventType "team-tourn"]
[EventRounds "7"]
[EventCountry "MKD"]
[SourceTitle "EXT 2024"]
[Source "ChessBase"]
[SourceDate "2023.10.10"]
[SourceVersion "1"]
[SourceVersionDate "2023.10.10"]
[SourceQuality "1"]
[WhiteTeam "Skopje Gambit Asseko"]
[BlackTeam "Kumanovo GSHK"]
[WhiteTeamCountry "MKD"]
[BlackTeamCountry "MKD"]

1. e4 Nf6 2. e5 Nd5 3. d4 d6 4. c4 Nb6 5. f4 dxe5 6. fxe5 Nc6 7. Be3 Bf5 8. Nc3 Qd7 9. Nf3 Bg4 10. a4 a5 11. Be2 Bxf3 12. gxf3 0-0-0 13. Nb5 Qh3 14. Qb3 Qg2 15. Rg1 Qxh2 16. d5 Nxe5 17. Nxc7 Nbxc4 18. Bxc4 Qh4+ 19. Ke2 Qxc4+ 20. Qxc4 Nxc4 21. Rac1 Kxc7 22. Rxc4+ Kd7 23. Rgc1 Ke8 24. Bb6 Rxd5 25. Rc8+ Kd7 26. Rb8 f6 27. Rcc8 h5 28. Rxf8 Rxf8 29. Rxf8 Kc6 30. Bf2 b5 31. Rc8+ Kd7 32. Rc5 Rxc5 33. Bxc5 bxa4 34. Kd3 e5 35. Kc4 h4 36. Kd5 h3 37. Bg1 a3 38. bxa3 a4 39. Ke4 Ke6 40. Ke3 f5 41. f4 e4 42. Kf2 1/2-1/2

[Event "FRM-chT"]
[Site "Ohrid"]
[Date "2019.07.27"]
[Round "6.5"]
[White "Simjanovski, Saso"]
[Black "Sadiki, Nedzmedin"]
[Result "1-0"]
[WhiteElo "2258"]
[BlackElo "2189"]
[PlyCount "87"]
[EventDate "2019.07.22"]
[EventType "team-tourn"]
[EventRounds "7"]
[EventCountry "MKD"]
[SourceTitle "EXT 2020"]
[Source "ChessBase"]
[SourceDate "2019.10.17"]
[SourceVersion "1"]
[SourceVersionDate "2019.10.17"]
[SourceQuality "1"]
[WhiteTeam "Skopje Kisela Voda"]
[BlackTeam "Gostivar"]
[WhiteTeamCountry "MKD"]
[BlackTeamCountry "MKD"]

1. e4 e6 2. d3 d5 3. Nd2 c5 4. Ngf3 Nc6 5. g3 Nf6 6. Bg2 dxe4 7. dxe4 e5 8. h3 Be6 9. 0-0 h6 10. c3 Qd7 11. Kh2 0-0-0 12. Qa4 g5 13. b4 cxb4 14. cxb4 g4 15. b5 gxf3 16. bxc6 Qxc6 17. Qxc6+ bxc6 18. Nxf3 Nd7 19. Be3 c5 20. Rfc1 Kb7 21. Rab1+ Ka8 22. Bf1 Rc8 23. Rb5 f6 24. Ra5 Rh7 25. Nd2 Be7 26. Nb3 Bd8 27. Ra3 Bb6 28. Bb5 Bxb3 29. axb3 Rc7 30. Rd1 Kb7 31. Rd6 Rf7 32. Bxh6 c4 33. Ba6+ Kb8 34. Bxc4 Bc5 35. Bxf7 Bxd6 36. Ra2 Bc5 37. Rc2 Kb7 38. Bd5+ Kb6 39. Bg7 Bf8 40. Rxc7 Kxc7 41. Bxf8 Nxf8 42. h4 Kd6 43. h5 f5 44. h6 1-0

[Event "FRM-chT 23rd"]
[Site "Struga"]
[Date "2014.07.15"]
[Round "2.6"]
[White "Stanojoski, Zvonko"]
[Black "Sadiki, Nedzmedin"]
[Result "1/2-1/2"]
[WhiteElo "2420"]
[BlackElo "2185"]
[PlyCount "61"]
[EventDate "2014.07.14"]
[EventType "team-tourn"]
[EventRounds "5"]
[EventCountry "MKD"]
[SourceTitle "CBM 161 Extra"]
[Source "ChessBase"]
[SourceDate "2014.08.29"]
[SourceVersion "1"]
[SourceVersionDate "2014.08.29"]
[SourceQuality "1"]
[WhiteTeam "Skopje Alkaloid"]
[BlackTeam "Kumanovo"]
[WhiteTeamCountry "MKD"]
[BlackTeamCountry "MKD"]

1. c4 e5 2. g3 c5 3. Bg2 Nc6 4. Nc3 d6 5. e3 g6 6. Nge2 Bg7 7. a3 Nge7 8. Rb1 a5 9. 0-0 0-0 10. Nd5 Nxd5 11. cxd5 Ne7 12. b4 axb4 13. axb4 b6 14. Qb3 Bf5 15. e4 Bd7 16. d3 Qc8 17. Bg5 f6 18. Be3 f5 19. Bg5 Kf7 20. f4 h6 21. fxe5 hxg5 22. e6+ Kg8 23. exd7 Qxd7 24. bxc5 bxc5 25. Qb7 Ra7 26. Qxd7 Rxd7 27. Bh3 Be5 28. Rfd1 g4 29. Bg2 g5 30. d4 cxd4 31. exf5 1/2-1/2

[Event "FRM-chT 22nd"]
[Site "Struga"]
[Date "2013.08.04"]
[Round "7.4"]
[White "Andonovski, Ljubisa"]
[Black "Sadiki, Nedzmedin"]
[Result "1-0"]
[WhiteElo "2273"]
[BlackElo "2188"]
[PlyCount "75"]
[EventDate "2013.07.29"]
[EventType "team-tourn"]
[EventRounds "7"]
[EventCountry "MKD"]
[SourceTitle "CBM 155 Extra"]
[Source "ChessBase"]
[SourceDate "2013.08.26"]
[SourceVersion "1"]
[SourceVersionDate "2013.08.26"]
[SourceQuality "1"]
[WhiteTeam "Skopje Gambit Asseko"]
[BlackTeam "Kumanovo"]
[WhiteTeamCountry "MKD"]
[BlackTeamCountry "MKD"]

1. d4 Nf6 2. c4 e6 3. Nf3 b6 4. g3 Bb7 5. Bg2 Bb4+ 6. Bd2 Qe7 7. 0-0 Bxd2 8. Qxd2 d6 9. Nc3 0-0 10. Qc2 c5 11. e4 e5 12. dxe5 dxe5 13. Nd5 Nxd5 14. cxd5 Nd7 15. Nd2 Nf6 16. Rfe1 Ne8 17. f4 f6 18. Bh3 Bc8 19. Bxc8 Rxc8 20. Nc4 b5 21. Na5 Qc7 22. Nc6 exf4 23. gxf4 Qxf4 24. Ne7+ Kh8 25. Nxc8 Qg4+ 26. Kh1 Qxc8 27. a4 a6 28. axb5 axb5 29. Ra7 Nd6 30. Qg2 Rf7 31. Rea1 Rxa7 32. Rxa7 Qf8 33. Qf3 Qe8 34. Qg4 Qf8 35. Qe6 h5 36. Rd7 Nc4 37. Re7 Kh7 38. Re8 1-0

[Event "FRM-chT 21st"]
[Site "Struga"]
[Date "2012.07.18"]
[Round "3.6"]
[White "Sadiki, Nedzmedin"]
[Black "Simjanovski, Saso"]
[Result "0-1"]
[WhiteElo "2194"]
[BlackElo "2251"]
[PlyCount "118"]
[EventDate "2012.07.16"]
[EventType "team-tourn"]
[EventRounds "7"]
[EventCountry "MKD"]
[SourceTitle "CBM 149 Extra"]
[Source "ChessBase"]
[SourceDate "2012.08.24"]
[SourceVersion "1"]
[SourceVersionDate "2012.08.24"]
[SourceQuality "1"]
[WhiteTeam "Kumanovo"]
[BlackTeam "Skopje Kisela Voda"]
[WhiteTeamCountry "MKD"]
[BlackTeamCountry "MKD"]

1. e4 g6 2. d4 Bg7 3. c4 Nc6 4. Nf3 e5 5. dxe5 Nxe5 6. Nxe5 Bxe5 7. f4 Bg7 8. Be2 d6 9. 0-0 Ne7 10. Nc3 0-0 11. g4 Nc6 12. Be3 Re8 13. Bf2 Bxc3 14. bxc3 Rxe4 15. Qd2 Qf6 16. Bg3 Re7 17. f5 g5 18. h4 h6 19. hxg5 hxg5 20. Rf2 Bd7 21. Rh2 Rae8 22. Re1 Re3 23. Bf2 Qxc3 24. Bxe3 Qxe3+ 25. Qxe3 Rxe3 26. Kf2 Re4 27. Bf3 Rf4 28. Re4 Rxe4 29. Bxe4 Ne5 30. Kg3 b6 31. Rh5 f6 32. Rh2 Ba4 33. c5 dxc5 34. Bd5+ Kg7 35. Be6 Bd1 36. Rd2 Bxg4 37. Rd8 Be2 38. Rc8 c6 39. Rc7+ Kf8 40. Rxa7 Bd3 41. a4 c4 42. Kf2 c3 43. Rh7 c2 44. Rh1 Be4 45. Ra1 c1Q 46. Rxc1 Nd3+ 47. Ke3 Nxc1 48. Kxe4 Ne2 49. Bd7 Ke7 50. Bxc6 Ng3+ 51. Kd5 Nxf5 52. Bb5 g4 53. Bd3 g3 54. Be4 Ne3+ 55. Kc6 f5 56. Bf3 Nc4 57. Kb5 Nb2 58. Kxb6 Nxa4+ 59. Kb5 Nb2 0-1

[Event "FRM-chT 19th"]
[Site "Struga"]
[Date "2010.08.12"]
[Round "4"]
[White "Sadiki, Nedzmedin"]
[Black "Nestorovic, Lazar"]
[Result "1/2-1/2"]
[WhiteElo "2171"]
[BlackElo "2310"]
[PlyCount "108"]
[EventDate "2010.08.09"]
[EventType "team"]
[EventRounds "7"]
[EventCountry "MKD"]
[SourceTitle "CBM 137 Extra"]
[Source "ChessBase"]
[SourceDate "2010.09.01"]
[SourceVersion "1"]
[SourceVersionDate "2010.09.01"]
[SourceQuality "1"]

1. e4 c5 2. Nf3 d6 3. d4 cxd4 4. Nxd4 Nf6 5. Nc3 a6 6. Be3 e6 7. Be2 Qc7 8. Qd2 b5 9. f3 Bb7 10. 0-0-0 b4 11. Na4 Nbd7 12. Qxb4 d5 13. Qc3 Qxc3 14. Nxc3 e5 15. Nb3 d4 16. Nxd4 exd4 17. Bxd4 Bc5 18. Na4 Bxd4 19. Rxd4 Ke7 20. Rhd1 Bc6 21. b3 Bxa4 22. Rxa4 a5 23. Rad4 Rhd8 24. Bb5 Nc5 25. Rxd8 Rxd8 26. Rxd8 Kxd8 27. Kd2 Ke7 28. Ke3 g5 29. a3 Kd6 30. Bc4 Ne6 31. b4 axb4 32. axb4 Ke5 33. g3 h5 34. c3 Kd6 35. Be2 Ke5 36. h4 gxh4 37. f4+ Kd6 38. e5+ Kd7 39. exf6 hxg3 40. Bxh5 Nxf4 41. Bxf7 g2 42. Kf2 Ne2 43. Kxg2 Nxc3 44. Kf3 Nb5 45. Bd5 Kd6 46. Bc4 Nd4+ 47. Ke4 Nc2 48. b5 Na3 49. b6 Nxc4 50. b7 Kc7 51. Kd5 Nb6+ 52. Ke6 Nd7 53. f7 Nf8+ 54. Ke7 Ng6+ 1/2-1/2

[Event "FRM-chT 18th"]
[Site "Struga"]
[Date "2009.08.10"]
[Round "1"]
[White "Petrovski, Igor"]
[Black "Sadiki, Nedzmedin"]
[Result "1-0"]
[WhiteElo "1972"]
[BlackElo "2168"]
[PlyCount "95"]
[EventDate "2009.08.10"]
[EventType "team-tourn"]
[EventRounds "7"]
[EventCountry "MKD"]
[SourceTitle "CBM 131 Extra"]
[Source "ChessBase"]
[SourceDate "2009.09.03"]
[SourceVersion "2"]
[SourceVersionDate "2009.09.16"]
[SourceQuality "1"]

1. e4 e5 2. Nf3 Nc6 3. Bb5 d6 4. d4 exd4 5. Nxd4 Bd7 6. Nc3 Nxd4 7. Bxd7+ Qxd7 8. Qxd4 Nf6 9. Bg5 Be7 10. 0-0-0 Qg4 11. Qa4+ c6 12. Bxf6 Bxf6 13. Nd5 Bg5+ 14. Kb1 0-0 15. Nc3 Bf6 16. Rhg1 Bxc3 17. bxc3 d5 18. f3 Qf4 19. h3 dxe4 20. Qxe4 Qxe4 21. fxe4 Rfd8 22. Rd3 Kf8 23. Rf1 Ke7 24. Kc1 Rac8 25. Rg3 Kf8 26. Rd3 Re8 27. Rd7 Re7 28. Rfd1 Rce8 29. R1d4 g6 30. Kd2 Rxd7 31. Rxd7 Re7 32. Rd8+ Kg7 33. Kd3 Kf6 34. Kd4 Ke6 35. g4 f6 36. h4 Rd7+ 37. Rxd7 Kxd7 38. e5 Ke6 39. exf6 Kxf6 40. Ke4 Ke6 41. c4 b6 42. c3 a6 43. Kf4 Kf6 44. g5+ Ke6 45. Ke4 Kd6 46. Kd4 b5 47. cxb5 c5+ 48. Kc4 1-0

[Event "FRM-chT"]
[Site "Struga"]
[Date "2007.07.26"]
[Round "4"]
[White "Colovic, Aleksandar"]
[Black "Sadiki, Nedzmedin"]
[Result "1-0"]
[WhiteElo "2472"]
[BlackElo "2202"]
[PlyCount "127"]
[EventDate "2007.07.23"]
[EventType "team"]
[EventRounds "7"]
[EventCountry "MKD"]
[SourceTitle "CBM 119 Extra"]
[Source "ChessBase"]
[SourceDate "2007.09.04"]
[SourceVersion "1"]
[SourceVersionDate "2007.09.04"]
[SourceQuality "1"]

1. e4 c5 2. Nf3 Nc6 3. d4 cxd4 4. Nxd4 d6 5. Nc3 Nf6 6. Bg5 e5 7. Bxf6 gxf6 8. Nf5 Bxf5 9. exf5 Qd7 10. Nd5 0-0-0 11. Bd3 Ne7 12. Qf3 Nxd5 13. Qxd5 Qc6 14. Be4 Qxd5 15. Bxd5 Rd7 16. g3 Rg8 17. f3 Rg5 18. Kf2 Rc7 19. c3 Rg7 20. Rhd1 Be7 21. a4 Bd8 22. Ra3 Rd7 23. a5 Bc7 24. Rda1 h5 25. Rb3 Bd8 26. Ra4 Kb8 27. Rab4 b6 28. Rc4 Bc7 29. Rbb4 Rg5 30. h4 Rg7 31. g4 Rh7 32. Kg3 hxg4 33. fxg4 Rd8 34. Rc6 Rd7 35. a6 Rg7 36. Rbc4 Rg8 37. Kf3 Rg7 38. Re4 Kc8 39. g5 fxg5 40. Rg4 Kb8 41. hxg5 Bd8 42. g6 fxg6 43. fxg6 Bf6 44. Ke4 Rge7 45. Rg2 Bg7 46. Rf2 Rd8 47. Rf7 Rxf7 48. Bxf7 Rc8 49. Rxd6 Kc7 50. Rd2 Rd8 51. Rxd8 Kxd8 52. Kd5 Kd7 53. Be6+ Kc7 54. Bf5 b5 55. Kc5 b4 56. Kxb4 Kb6 57. Bd3 Bf8+ 58. Kc4 Kc6 59. b4 Bg7 60. b5+ Kc7 61. Kd5 e4 62. Bxe4 Bxc3 63. Ke6 Kb6 64. Bc6 1-0

[Event "FRM-chT"]
[Site "Struga"]
[Date "2007.07.25"]
[Round "3"]
[White "Danchevski, Orce"]
[Black "Sadiki, Nedzmedin"]
[Result "1-0"]
[WhiteElo "2424"]
[BlackElo "2202"]
[PlyCount "44"]
[EventDate "2007.07.23"]
[EventType "team"]
[EventRounds "7"]
[EventCountry "MKD"]
[SourceTitle "CBM 119 Extra"]
[Source "ChessBase"]
[SourceDate "2007.09.04"]
[SourceVersion "1"]
[SourceVersionDate "2007.09.04"]
[SourceQuality "1"]

1. c4 e5 2. Nc3 Nf6 3. Nf3 d6 4. d4 exd4 5. Nxd4 b6 6. e4 Be7 7. f3 Bb7 8. Be3 Nbd7 9. Qd2 a5 10. Be2 0-0 11. Nf5 Nc5 12. 0-0-0 Nfd7 13. g4 Re8 14. g5 Bf8 15. h4 Ne5 16. h5 a4 17. Rdg1 Ba6 18. Bd4 Bxc4 19. Bxc4 Nxc4 20. Nh6+ Kh8 21. Qe2 Qd7 22. Qxc4 Ne6 1-0

[Event "SRB-chT3 South"]
[Site "Serbia"]
[Date "2007.??.??"]
[Round "2"]
[White "Krstic, Ranko"]
[Black "Sadiki, Nedzmedin"]
[Result "1-0"]
[WhiteElo "2174"]
[BlackElo "2202"]
[PlyCount "94"]
[EventDate "2007.09.02"]
[EventType "team"]
[EventRounds "11"]
[EventCountry "SRB"]
[SourceTitle "EXT 2012"]
[Source "ChessBase"]
[SourceDate "2011.11.24"]
[SourceVersion "1"]
[SourceVersionDate "2011.11.24"]
[SourceQuality "1"]
[WhiteTeam "Leskovac Aljehin"]
[BlackTeam "Bujanovac Besa"]
[WhiteTeamCountry "SRB"]
[BlackTeamCountry "SRB"]

1. d4 d5 2. Nf3 Nf6 3. c4 e6 4. Nc3 Bb4 5. Bg5 h6 6. Bxf6 gxf6 7. e3 c6 8. a3 Be7 9. Bd3 dxc4 10. Bxc4 Nd7 11. e4 b5 12. Be2 a6 13. b4 Nb6 14. 0-0 a5 15. Qb3 Qd6 16. Rab1 axb4 17. axb4 Na4 18. e5 Qb8 19. Ne4 f5 20. Nc5 Nb6 21. Ra1 Nd5 22. Qb2 Bxc5 23. dxc5 Bd7 24. Rxa8 Qxa8 25. Ra1 Qb8 26. Ne1 0-0 27. Bf3 Qb7 28. Bxd5 exd5 29. Ra3 Be6 30. Qd2 Ra8 31. Rg3+ Kh7 32. h3 Ra1 33. Kh2 Qb8 34. Nf3 Qa8 35. Qd4 Ra3 36. Qh4 Rxf3 37. Rxf3 Qa1 38. Qf6 f4 39. Qxf4 Qb1 40. Qf6 Qg6 41. Qxg6+ Kxg6 42. Rf6+ Kg7 43. Kg3 d4 44. Kf4 Bd5 45. g4 Kh7 46. Rd6 Kg7 47. Rxd5 cxd5 1-0